MARC

LEADER 00000nam0a2200000 4500
001 309622
005 20231102002216.0
035 |a (RuTPU)RU\TPU\book\334961 
090 |a 309622 
100 |a 20151116d1981 km y0rusy50 ca 
101 0 |a rus 
102 |a RU 
105 |a a z 001zy 
200 1 |a Методы разрушения горных пород и их горнотехнологические свойства  |f Академия наук СССР (АН СССР), Институт горного дела им. А. А. Скочинского (ИГД) ; под ред. Ю. Ф. Пономаренко 
210 |a Москва  |c Изд-во ИГД  |d 1981 
215 |a 128 с.  |c ил. 
225 1 |a Научные сообщения ИГД им. А. А. Скочинского  |v Вып. 197 
320 |a Библиогр. в конце ст. 
606 1 |a Горные породы  |x Разрушение при добыче  |x Интенсификация  |2 stltpush  |3 (RuTPU)RU\TPU\subj\8052  |9 35544 
610 1 |a горнотехнологические свойства 
610 1 |a хрупкость 
610 1 |a пластичность 
610 1 |a влажность 
610 1 |a угольные пласты 
610 1 |a механическая прочность 
610 1 |a напряженные состояния 
610 1 |a резание 
610 1 |a дисковые шарошки 
610 1 |a режимы работы 
610 1 |a проходческие комбайны 
610 1 |a поворотные резцы 
610 1 |a высокочастотные установки 
610 1 |a электрофизические способы 
610 1 |a гидравлическая отбойка 
675 |a 622.236  |v 4 
702 1 |a Пономаренко  |b Ю. Ф.  |4 340 
712 0 2 |a Академия наук СССР (АН СССР)  |b Институт горного дела им. А. А. Скочинского (ИГД)  |c (Люберцы)  |2 stltpush  |3 (RuTPU)RU\TPU\col\11351 
801 1 |a RU  |b 63413507  |c 20151116 
801 2 |a RU  |b 63413507  |c 20191122  |g RCR 
942 |c BK